| 000 | 01209cam a22002054a 4500 | ||
|---|---|---|---|
| 005 | 20250605163920.0 | ||
| 008 | 250528s ||||||||||||||||||||||||d | ||
| 035 | _a14374 | ||
| 020 | _a136983340 | ||
| 040 |
_aGR-AtMCL _bgre _dGR-AtMCL _eAACR2 |
||
| 245 | 1 | _aPrice Theory and Applications / Fourth Edition | |
| 250 | _a4th | ||
| 260 |
_bPrentice Hall International, _c1988 |
||
| 300 | _a564 | ||
| 520 | _aPreface, Introduction, The Nature and Scope of Economics, Working Tools, Utility and Preference, Consumption and Demand, Applications and Extensions of Demand Theory, The Firm and the Industry, The Business Firm, Equilibrium in the Product Market - Competitive Industry, Monopoly, Product as a Variable, Oligopoly and Strategic Behavior, Factor Markets and Income Distribution, Demand for Factors of Production, Resource Supply and Factor-Market Equilibrium, Exchange, Exchange and Transaction Costs and Money, Economics and Time, The Economics of Time: Saving and Investment and Interest, Political Economy, Welfare Economics: The Theory of Economic Policy, Political Economy, Answers, Index of Names and Topics. | ||
| 700 | 1 |
_aHirshleifer Jack _99 |
|
| 942 | _cBK | ||
| 999 |
_c9 _d9 |
||